000 00911cab a22001935a 4500
001 L145247
008 080918s2008 xxk f 000 0 eng d
035 _a(Sirsi) u145247
041 0 _aeng
100 1 _aWheeler, Gary
245 0 0 _aTransforming facilities to aid changing work styles
260 _c2008
490 0 _aFacilities Management
_v15(12) September 2008, 19-21(3)
520 _aDiscusses how work environments that support quiet concentration, collaboration, learning and socialisation can increase worker productivity. Covers: the benefits of a re-designed work environment; four work modes; the new workplace revolution; fit vs fat companies. Includes a self-evaluation checklist to assess how fit your business is. Gives ten tips on ?slimming down? the business.
590 _aKA
651 4 _aInternational
690 _aPROPERTY-COMMERCIAL PROPERTY-OFFICE PROPERTY- OFFICES
942 _n0
999 _c80748
_d80748